000 00586nam a2200193Ia 4500
003 GCL
008 140319s9999 xx 000 0 ara d
040 _aGCL /
_cGCL
082 0 4 _a792.9
_bب م
100 1 _aبهاروشار روستم
245 1 0 _aالمسرح والعالم الاداء وفن السياسة الثقافية /
_cبهاروشار روستم
700 1 _aامين حسين الرباط
700 1 _aاحمد كامل متولى
300 _a420
490 _a100 قصة
_v0
650 0 4 _aالمسرح
650 0 4 _aالمسرح - نقد
942 _2ddc
_cBK
999 _c46684
_d46684